Planning the metropolis : the multiple advocacy approach /

Bibliographic Details
Main Author: Rothblatt, Donald N.
Format: Book
Language:English
Published: New York, N.Y. : Praeger, 1982.
Subjects:

MARC

Tag First Indicator Second Indicator Subfields
LEADER 00000pam a2200000 a 4500
001 in00000095399
005 20150923173507.0
008 811116s1982 nyua b 00110 eng
010 |a  81020965  
020 |a 0030573645 
035 |a (OCoLC)07999323 
035 |9 AAK8040AM 
039 0 |a 2  |b 3  |c 3  |d 3  |e 3 
040 |a DLC  |c DLC  |d TXA  |d UtOrBLW 
043 |a n-us--- 
049 |a TXAM  |c [933626] 
050 0 0 |a HT334 U5  |b  R67 1982 
082 0 |a 307.7/6  |2 19 
100 1 |a Rothblatt, Donald N. 
245 1 0 |a Planning the metropolis :  |b the multiple advocacy approach /  |c  Donald N. Rothblatt. 
264 1 |a New York, N.Y. :  |b Praeger,  |c 1982. 
300 |a xvi, 261 pages :  |b illustrations ;  |c 24 cm. 
336 |a text  |b txt  |2 rdacontent 
337 |a unmediated  |b n  |2 rdamedia 
338 |a volume  |b nc  |2 rdacarrier 
500 |a Includes index. 
504 |a Bibliography: pages 231-256. 
650 0 |a Metropolitan areas  |z United States  |x Planning. 
650 0 |a Regional planning  |z United States. 
999 |a MARS 
999 f f |s aa6da56d-d5f6-32ca-88f6-d816041526d1  |i f09f9d9b-934f-3fc4-86be-c7482836188b  |t 0 
952 f f |p ric  |a Texas A&M University  |b Rellis Campus  |c Joint Library Facility  |d Remote Storage  |t 0  |e HT334 U5 R67 1982  |h Library of Congress classification  |i unmediated -- volume  |m A14806026441 
998 f f |a HT334 U5 R67 1982  |t 0  |l Remote Storage